000 01522nam a22002177a 4500
005 20141001085840.0
008 140923s1921 ag ||||fs|||| 001 0 spa d
040 _cSandra Yazo
_dSandra Yazo
041 0 _aspa
082 0 4 _220
_a961
092 _aE32N073
100 1 _aRamos Mejía, Francisco
_d1847-1893
_964762
245 1 0 _aHistoria de la evolución argentina
_b(Obra póstuma)
_cFrancisco Ramos Mejía
260 _aBuenos Aires (Argentina)
_bLibreria "La facultad" de Juan Roldán
_c1921
300 _axv, 415 páginas
_c21 x 15 cm.
500 _aDetalles físicos: Encuadernación rígida en cartón forrada en papel. Lomo en tela encolada con adornos en dorado. Tapas y lomo con roturas, raspaduras y hendiduras. Guardas en papel impreso. Anteportada. Portada impresa en papel en una sola tinta. Texto impreso en una sola columna. Notas al pie de página. Varias hojas sueltas. Papel manchado. Retrato del autor antes de la portada.
505 1 _aPrólogo ; Antecedentes ; Introducción general ; Unidad de la naturaleza ; La ley de causalidad de la historia ; Orígenes de la evolución Argentina ; Génesis y desenvolvimiento de la democracia Argentina: Enunciación ; Estado político y social de la Europa en la época bárbara ; Estado político y social de España en el siglo XV ; Desenvolvimiento de la Democracia Argentina – Factores sociales, políticos.
506 _aConsulta en sala
650 7 _938594
_aNovela argentina
_xHistoria y crítica
942 _2LOCAL
_cLIBRO
_e1
_hE32N073
999 _c297029
_d297029